| 000 | 01033nam a2200205 a 4500 | ||
|---|---|---|---|
| 001 | 45633 | ||
| 005 | 20180714024911.0 | ||
| 008 | 140415s1994 000 0 eng d | ||
| 020 | _a0130858048 | ||
| 041 | _aeng | ||
| 082 |
_a658 _bAUS |
||
| 100 | 1 | _aAUSTIN, JILL | |
| 245 | 1 | 0 | _aMANAGEMENT |
| 250 | _a4ed. | ||
| 260 |
_a[s.l.] : _bPRENTICE-HALL, INC., _c1994 |
||
| 300 |
_a584 _c28 x 21 x 1.8 |
||
| 520 | _aESTA GUÍA DE STUDIOS PARA ESTUDIANTES FUE DISEÑADA PARA SUPLEMENTAR MANAGEMENT EN SU CUARTA EDICIÓN DE STEPHEN ROBBINS. EL PROPÓSITO DE ESTA GUÍA DE ESTUDIIO ES AYUDAR EN EL ENTENEDIMIENTO DEL MATERIAL DE TEXTO. CADA CAPÍTULO DE STUDENT STUDY GUIDE CONTIENE UN RESUMEN Y LOS OBJETIVOS DE APRENDIZAJE CORRESPONDIENTES, UN BOSQUEJO, TÉRMINOS Y DEFINICIONES CLAVES, Y ADEMÁS TRES TIPOS DE PREFUNATAS SON INCLUIDAS PARA AYUDARTE A ENTENDER LOS CONCEPTOS BÁSICOS DE ADMINISTRACIÓN MÁS DIFÍCILES | ||
| 650 | 1 | 4 |
_aADMINISTRACION _xPLANEACION ADMINISTRATIVA |
| 700 | 1 |
_aROBBINS, STEPHEN P. _ecoaut. |
|
| 999 |
_c45633 _d45633 |
||